BULL IN CHINA (Record no. 29633)

MARC details
000 -LEADER
fixed length control field 00305nam a2200133Ia 4500
008 - FIXED-LENGTH DATA ELEMENTS--GENERAL INFORMATION
fixed length control field 240624s9999 xx 000 0 und d
041 ## - LANGUAGE CODE
Language code of text/sound track or separate title eng
082 ## - DEWEY DECIMAL CLASSIFICATION NUMBER
Classification number 332.67 ROG
100 ## - MAIN ENTRY--PERSONAL NAME
Personal name ROGERS JIM
245 ## - TITLE STATEMENT
Title BULL IN CHINA
260 ## - PUBLICATION, DISTRIBUTION, ETC.
Date of publication, distribution, etc. 2007
Place of publication, distribution, etc. New Jersey
Name of publisher, distributor, etc. Wiley
300 ## - PHYSICAL DESCRIPTION
Extent 221 p.; 21 cm.
365 ## - TRADE PRICE
Currency code
Price amount 28
Holdings
Withdrawn status Lost status Damaged status Not for loan Home library Current library Shelving location Date acquired Cost, normal purchase price Full call number Barcode Date last seen Copy number Price effective from Koha item type
        IMTN IMTN Rack 12-B 11/22/2017 16.00 332.67 ROG 29633 06/24/2024 67.3 06/24/2024 Books
Designed & Maintained by: LRC IMT Nagpur Contact: lrc@imtnag.ac.in© 2024. All Rights Reserved.